Facilitating Learning in Clinical settings (Record no. 6527)

MARC details
000 -LEADER
fixed length control field 00877cam a2200301 a 4500
001 - CONTROL NUMBER
control field 842338
003 - CONTROL NUMBER IDENTIFIER
control field OSt
005 - DATE AND TIME OF LATEST TRANSACTION
control field 20231026113021.0
008 - FIXED-LENGTH DATA ELEMENTS--GENERAL INFORMATION
fixed length control field 980910s1997 enk|||| |||| 00||0|eng
020 ## - INTERNATIONAL STANDARD BOOK NUMBER
International Standard Book Number 9780748733163
020 ## - INTERNATIONAL STANDARD BOOK NUMBER
International Standard Book Number 0748733167
040 ## - CATALOGING SOURCE
Original cataloging agency IWA
Transcribing agency IWA
041 09 - LANGUAGE CODE
Language code of text/sound track or separate title eng
042 ## - AUTHENTICATION CODE
Authentication code nlmcopyc
082 ## - DEWEY DECIMAL CLASSIFICATION NUMBER
Classification number W21 F621l 1987
100 ## - MAIN ENTRY--PERSONAL NAME
Relator code Edited by Lindy, McAllister;[et..al]
245 00 - TITLE STATEMENT
Title Facilitating Learning in Clinical settings
260 ## - PUBLICATION, DISTRIBUTION, ETC. (IMPRINT)
Place of publication, distribution, etc. Cheltenham :
Name of publisher, distributor, etc. Stanley Thornes Publishers,
Date of publication, distribution, etc. 1997.
300 ## - PHYSICAL DESCRIPTION
Extent x, 310 p. :
Other physical details ill.
336 ## - CONTENT TYPE
Content type term text
Content type code txt
Source rdacontent
337 ## - MEDIA TYPE
Media type term unmediated
Media type code n
Source rdamedia
338 ## - CARRIER TYPE
Carrier type term volume
Carrier type code nc
Source rdacarrier
504 ## - BIBLIOGRAPHY, ETC. NOTE
Bibliography, etc Includes bibliographical references and indexes.
650 12 - SUBJECT ADDED ENTRY--TOPICAL TERM
Topical term or geographic name as entry element Clinical Trials
9 (RLIN) 13409
650 22 - SUBJECT ADDED ENTRY--TOPICAL TERM
Topical term or geographic name as entry element Clinical Clerkship
9 (RLIN) 2932
942 ## - ADDED ENTRY ELEMENTS (KOHA)
Source of classification or shelving scheme Dewey Decimal Classification
Koha item type Open Shelf
Holdings
Withdrawn status Lost status Source of classification or shelving scheme Damaged status Not for loan Home library Current library Date acquired Source of acquisition Inventory number Total Checkouts Full call number Barcode Date last seen Koha item type
    Other/Generic Classification Scheme     MUST Main Library MUST Main Library 29/01/2020 Donation 03/20627   W21 F621l 1987 2020-0228 29/01/2020 Open Shelf